U.S. Women's College Sports Team Names - What were they thinking? - Statistics

General Stats
  • This quiz has been taken 121 times
  • The average score is 12 of 16
Answer Stats
Question Answer % Correct
Which lists the correct name for the women's sports teams for that school? Howard University - Bison & Lady Bison
100%
Which lists the correct name for the women's sports teams for that school? Northwestern State University - Demons & Lady Demons
93%
Which lists the correct name for the women's sports teams for that school? Austin Peay State University - Governors & Lady Govs
87%
Which lists the correct name for the women's sports teams for that school? Stephen F. Austin University - Lumberjacks & Ladyjacks
87%
Which lists the correct name for the women's sports teams for that school? Texas Christian University - Horned Frogs & Lady Frogs
87%
Which lists the correct name for the women's sports teams for that school? University of Arkansas at Pine Bluff - Golden Lions & Golden Lady Lions
87%
Which lists the correct name for the women's sports teams for that school? University of Hawaii - Rainbow Warriors & Rainbow Wahine
87%
Which lists the correct name for the women's sports teams for that school? Western Kentucky University - Hilltoppers & Lady Toppers
87%
Which lists the correct name for the women's sports teams for that school? Campbell University - Fighting Camels & Lady Camels
80%
Which lists the correct name for the women's sports teams for that school? East Carolina University - Pirates & Lady Pirates
73%
Which lists the correct name for the women's sports teams for that school? Louisiana Tech University - Bulldogs & Lady Techsters
73%
Which lists the correct name for the women's sports teams for that school? University of Massachusetts - Minutemen & Minutewomen
73%
Which lists the correct name for the women's sports teams for that school? University of Wyoming - Cowboys & Cowgirls
73%
Which lists the correct name for the women's sports teams for that school? Saint Peter's University - Peacocks & Peahens
60%
Which lists the correct name for the women's sports teams for that school? Mississippi Valley State University - Delta Devils & Devilettes
53%
Which lists the correct name for the women's sports teams for that school? University of Central Arkansas - Bears & Sugar Bears
33%
No matching quizzes found
Score Distribution
Percent of People with Each Score
Percentile by Number Answered
Your Score History
You have not taken this quiz